Ethics, Indian ethos and management / (Record no. 2697)
[ view plain ]
| 000 -LEADER | |
|---|---|
| fixed length control field | 00633nam a2200217 4500 |
| 001 - CONTROL NUMBER | |
| control field | 3335 |
| 005 - DATE AND TIME OF LATEST TRANSACTION | |
| control field | 20181127171032.0 |
| 010 00 - LIBRARY OF CONGRESS CONTROL NUMBER | |
| LC control number | |
| 020 00 - INTERNATIONAL STANDARD BOOK NUMBER | |
| International Standard Book Number | 9788184044744 |
| 090 00 - LOCALLY ASSIGNED LC-TYPE CALL NUMBER (OCLC); LOCAL CALL NUMBER (RLIN) | |
| Classification number (OCLC) (R) ; Classification number, CALL (RLIN) (NR) | 174.4 B1712e 2010 |
| 100 00 - MAIN ENTRY--PERSONAL NAME | |
| Personal name | Balachandran S. |
| 245 00 - TITLE STATEMENT | |
| Title | Ethics, Indian ethos and management / |
| Remainder of title | |
| Statement of responsibility, etc. | S. Balachandran, K C. R. Raja and B.K. Nair. |
| Medium | |
| 250 00 - EDITION STATEMENT | |
| Edition statement | 2nd ed. |
| 260 00 - PUBLICATION, DISTRIBUTION, ETC. | |
| Place of publication, distribution, etc. | Mumbai : |
| Name of publisher, distributor, etc. | Shroff publishers, |
| Date of publication, distribution, etc. | 2010. |
| 300 00 - PHYSICAL DESCRIPTION | |
| Extent | 258 p. |
| 500 00 - GENERAL NOTE | |
| General note | |
| 650 ## - SUBJECT ADDED ENTRY--TOPICAL TERM | |
| Topical term or geographic name entry element | Business ethics --India. |
| Form subdivision | |
| General subdivision | |
| Chronological subdivision | |
| Geographic subdivision | |
| Source of heading or term | |
| Topical term or geographic name entry element | Business ethics. |
| General subdivision | |
| 700 ## - ADDED ENTRY--PERSONAL NAME | |
| Personal name | Nair, B. K. |
| Numeration | |
| Titles and other words associated with a name | |
| Dates associated with a name | |
| Relator term | |
| Form subheading | |
| Language of a work | |
| Medium of performance for music | |
| Number of part/section of a work | |
| Arranged statement for music | |
| Name of part/section of a work | |
| Fuller form of name | |
| Key for music | |
| Version | |
| Title of a work | |
| Personal name | Raja, K. C. R. |
| Numeration | |
| Titles and other words associated with a name | |
| Dates associated with a name | |
| Relator term | |
| Form subheading | |
| Language of a work | |
| Medium of performance for music | |
| Number of part/section of a work | |
| Arranged statement for music | |
| Name of part/section of a work | |
| Fuller form of name | |
| Key for music | |
| Version | |
| Title of a work | |
| Withdrawn status | Lost status | Source of classification or shelving scheme | Damaged status | Not for loan | Collection code | Home library | Current library | Shelving location | Serial Enumeration / chronology | Inventory number | Total Checkouts | Full call number | Barcode | Date last seen | Price effective from | Koha item type |
|---|---|---|---|---|---|---|---|---|---|---|---|---|---|---|---|---|
| Dewey Decimal Classification | Main TEST | RTC Library | RTC Library | Main opac | 5789 | 174.4 BAL | 30005024 | 27/11/2018 | 27/11/2018 | Main |